Statistics for Famous Works of Art

Click here to take the quiz!

General Stats

  • This quiz has been taken 1,451 times
  • The average score is 11 of 20

Answer Stats

Type of artworkTitleArtist% Correct
PaintingThe Starry NightVincent Van Gogh
96%
PaintingThe Last SupperLeonardo da Vinci
95%
PaintingThe ScreamEdvard Munch
85%
SculptureDavidMichelangelo
85%
PaintingGuernicaPablo Picasso
81%
PaintingCampbell's Soup CansAndy Warhol
80%
SculptureThe ThinkerAuguste Rodin
78%
PaintingThe Night WatchRembrandt
75%
PaintingThe Persistence of MemorySalvador Dali
73%
PaintingGirl with a Pearl EarringJohannes Vermeer
69%
PaintingThe School of AthensRaphael
62%
PaintingThe Birth of VenusSandro Botticelli
62%
PaintingA Sunday Afternoon on the Island of La Grande JatteGeorges Seurat
41%
PaintingAmerican GothicGrant Wood
41%
Woodblock printThe Great Wave off KanagawaHokusai
27%
PaintingThe Wedding at CanaPaolo Veronese
9%
SculptureStatue of LibertyFrédéric Auguste Bartholdi
8%
SculptureVenus de MiloAlezandros of Antioch
7%
SculptureChrist the RedeemerPaul Landowski
4%
SculptureGreat SphinxPharaoh Khafre
2%

Score Distribution

Percentile by Number Answered

Percent of People with Each Score

Your Score History

You have not taken this quiz